00651nam a22002297a 4500001000400000003000900004005001700013007000400030008002800034020001500062040002200077100002400099240003800123245009000161260003200251300002100283490002200304490002000326700003300346830002200379830002000401079DO-SdBNP20151102144641.0079151005b1987 sp 00| 0 spa d a8475304001 aBPMSUbspacBPMSU1 aConan Doyle, Arthur10aMemoris of Sherlock Holmes /leng10aMemorias de Sherlock Holmes /cArthur Conan Doyle ; traducción Armando Lázaro Ros aBarcelona :bOrbis, c1987. a189 p. :c18 cm.1 aEl observadorv221 aSherlock Holmes12aLázaro Ros, Armandoetrad. 0aEl observadorn19 0aSherlock Holmes